000 00648nam a2200229Ia 4500
003 OSt
005 20220918230626.0
006 a|||||r|||| 00| 0
007 ta
008 220917b |||||||| |||| 00| 0 eng d
024 _a256,774
037 _cTextual
040 _aARTS
_cARTS
_beng
041 _2eng
_aeng
082 _aTOX:79D.1(Y:4).N7, L2
100 _aCastle E B
245 0 _aEducation for self-help
_b new strategies for eveloping countries
260 _aLondon
_bOxford University Press
_c1972
650 _aEDUCATION
942 _hTOX:79D.1(Y:4).N7, L2
_cTEXL
_2CC
999 _c288557
_d288557